000
00293 a2200109 4500
001
ART_31492
005
20260410161707.0
008
260409a
245
1
0
_a
La renta del ahorro
100
1
_a
Rosembuj, Tulio R.
773
0
_t
Revista Impuestos
_g
- NÂș 2 (ene. 2007)
_w
REV639
999
_c
15720
_d
15720